BUILDING MARKETS FOR KNOWLEDGE RESOURCES (Record no. 29008)

MARC details
000 -LEADER
fixed length control field 00367nam a2200133Ia 4500
008 - FIXED-LENGTH DATA ELEMENTS--GENERAL INFORMATION
fixed length control field 240624s9999 xx 000 0 und d
041 ## - LANGUAGE CODE
Language code of text/sound track or separate title eng
082 ## - DEWEY DECIMAL CLASSIFICATION NUMBER
Classification number 338.5091724 PER
100 ## - MAIN ENTRY--PERSONAL NAME
Personal name PERUTA MARIA ROSARIA DELLA
245 ## - TITLE STATEMENT
Title BUILDING MARKETS FOR KNOWLEDGE RESOURCES
260 ## - PUBLICATION, DISTRIBUTION, ETC.
Date of publication, distribution, etc. 2016
Place of publication, distribution, etc. United Kingdom
Name of publisher, distributor, etc. Emerald
300 ## - PHYSICAL DESCRIPTION
Extent xix, 126 p.; 23 cm.
365 ## - TRADE PRICE
Currency code BPS
Price amount 38
Holdings
Withdrawn status Lost status Damaged status Not for loan Home library Current library Shelving location Date acquired Cost, normal purchase price Total Checkouts Full call number Barcode Date last seen Date last checked out Copy number Price effective from Koha item type
        IMTN IMTN Rack 10-B 08/21/2017 60.00 1 338.5091724 PER 29008 03/28/2025 01/07/2025 85.7 06/24/2024 Books
Designed & Maintained by: LRC IMT Nagpur Contact: lrc@imtnag.ac.in© 2024. All Rights Reserved.